[Event "SVK-ch U10"]
[Site "Lubovna"]
[Date "2013.04.12"]
[Round "8"]
[White "Choma, Michal"]
[Black "Rozsnyo, Tobias"]
[Result "1/2-1/2"]
[WhiteElo "1000"]
[BlackElo "1029"]
[PlyCount "54"]
[EventDate "2013.04.06"]
[EventType "swiss"]
[EventRounds "9"]
[EventCountry "SVK"]
[SourceTitle "CBM 153 Extra"]
[Source "ChessBase"]
[SourceDate "2013.04.22"]
[SourceVersion "1"]
[SourceVersionDate "2013.04.22"]
[SourceQuality "1"]

1. e4 e5 2. Nf3 Nc6 3. Nc3 Bc5 4. g3 Nf6 5. Bg2 d5 6. exd5 Nxd5 7. h3 Nxc3 8. bxc3 Be6 9. Bb2 Qd7 10. d4 Bb6 11. dxe5 Qxd1+ 12. Rxd1 0-0 13. 0-0 Rfd8 14. Rd3 h6 15. Rfd1 Bc4 16. Rxd8+ Rxd8 17. Rxd8+ Nxd8 18. h4 Nc6 19. Nd4 Nxd4 20. cxd4 c6 21. a3 Kf8 22. Bh3 Ke7 23. a4 Be6 24. Bxe6 Kxe6 25. Bc3 Bc7 26. Kg2 a6 27. a5 c5 1/2-1/2